Economics of a multipurpose river dam: Report of an enquiry into the economic benefits of the Hirakud dam (Record no. 20024)

MARC details
000 -LEADER
fixed length control field 00392nam a2200121Ia 4500
082 ## - DEWEY DECIMAL CLASSIFICATION NUMBER
Classification number 33.627.8(282)
Item number SOV
100 ## - MAIN ENTRY--AUTHOR NAME
Personal name RATH, Nilakanth
245 #0 - TITLE STATEMENT
Title Economics of a multipurpose river dam: Report of an enquiry into the economic benefits of the Hirakud dam
260 ## - PUBLICATION, DISTRIBUTION, ETC. (IMPRINT)
Place of publication Poona
Name of publisher Gokhale Institute
Year of publication 1960
700 ## - ADDED ENTRY--PERSONAL NAME
Personal name SOVANI, N V
942 ## - ADDED ENTRY ELEMENTS (KOHA)
Koha item type Books
Holdings
Withdrawn status Lost status Damaged status Not for loan Home library Current library Date acquired Full call number Accession Number Koha item type
        RRII Library RRII Library 16/12/2021 33.627.8(282) SOV 00752 Books